Znaki rozpoznawcze Rosji - Statystyki

Ogólne statystyki
  • Ten quiz został rozwiązany 3 229 razy
  • Średni wynik to 9 z 18
Statystyki odpowiedzi
Obrazkowy Hint Odpowiedź % Poprawnych
Władimir Putin
99%
(Rosyjski wynalazek) Układ okresowy
84%
(alfabet) Cyrylica
83%
(dawna władczyni) Katarzyna Wielka
77%
(jezioro) Bajkał
76%
(rzekomy kaznodzieja i jasnowidz) Grigorij Rasputin
66%
(najdłuższa linia kolejowa) Kolej Transsyberyjska
62%
(obszar centralnej Moskwy) Kreml
59%
(półwysep) Kamczatka
54%
(satelita z 1957) Sputnik 1
48%
(najwyższa góra Europy) Elbrus
39%
Bałałajka
32%
(wyspa) Sachalin
32%
(tenisistka) Marja Szarapowa
31%
(teatr) Teatr {Bolszoj}
28%
Jaja {Fabergé}
27%
Sobór {Wasyla} Błogosławionego
23%
(muzeum) Ermitaż
17%
Nie znaleziono quizów pasujących do podanych kryteriów
Rozkład punktacji
Procent ludzi z każdym wynikiem
Percentyl według liczby udzielonych odpowiedzi
Twoja historia wyników
Nie rozwiązałeś tego quizu